40 vragen over van alles en nog wat - Quiz 3 - Statistieken

Algemene statistieken
  • Deze quiz is 10 keer genomen
  • De gemiddelde score is 16 van 40
Antwoordstatistieken
Hint Antwoord % Correct
Welk nummer is het alarmnummer 112
100%
Noem de twee meest bekende huisdieren (noem er nog 1) Kat
100%
Noem 4 vroegere kolonies van Nederland in Azie Indonesie
90%
Wat is de afkorting van de Belgische provincie Namen NAM
90%
Welke stad in Nederland is de domstad Utrecht
90%
Wie heeft de meeste huisdieren, man of vrouw Vrouw
90%
Wat is de afkorting van de Nederlandse provincie Zeeland ZL
90%
Noem de twee meest bekende huisdieren (noem er nu 1) Hond
80%
Welke stad ligt in twee continenten(niet Nederlands) Istanbul
80%
Noem een bekende Romeinse Keizer van vroeger Nero
80%
Hoeveel snaren heeft een balalaika 3
70%
Welke Nederlandse stad is de sleutel stad Leiden
70%
Voor wat staat deze afkorting CBS Centraal Bureau Statistiek
60%
Geef de afkorting van een bekend hulpsein SOS
60%
Noem een edelgas met 4 letter, de eerste en laatste letter zijn gelijk Neon
50%
Noem 4 vroegere kolonies van Nederland in Azie Sri Lanka
50%
Noem een badplaats aan de Nederlandse kust Zandvoort
50%
Hoe lang was de langste mens die ooit heeft geleefd. (in cm) 272
30%
Waar staat deze boom (noem deel van dat land) Californie
30%
Noem de naam van een plant welke tevens een plaats in Zeeland is Hulst
30%
Schrijf de afkorting voor Lengte x Breedte x Hoogte, alleen letters L B H
30%
In welk jaar was de eerste Prinsjesdag 1814
20%
Hoeveel % van de huishoudens heeft 1 of meer huisdieren 53
20%
Voor wat staat deze afkorting BMI Body Mass Index
20%
In welk land is de thee uitgevonden Ethiopie
20%
Andere naam voor fruitmachine Gokkast
20%
Waar komt de granaatappel oorspronkelijk vandaan Iran
20%
Wat was de tweede plaag in Egypte Kikkers
20%
Wat was de eerste plaag in Egypte Water in bloed
20%
Wat is de hoogste berg in Beieren Zugspitze
20%
Hoe hoog is deze hoogste boom (veelvoud van 5) 115
10%
Hoe zwaar is/was de zwaarste man was die ooit geleefd heeft. 635
10%
Wat is de hoogste boom ter wereld, noem de naam Hyperion
10%
Wat is ascorbine zuur in gewoon Nederlands Vitamine C
10%
Noem 4 vroegere kolonies van Nederland in Azie Dejima
0%
Noem 4 vroegere kolonies van Nederland in Azie Guinea
0%
Organisatie die zich bezighoudt met het ondersteunen van politieorganisaties Interpol
0%
Wat was de derde plaag in Egypte Luizen
0%
Wat was de vierde plaag in Egypte Ongedierte
0%
Noem de boomsoort van deze boom Sequoia sempervirens
0%
Geen overeenkomende quizzen gevonden
Scoreverdeling
Procent van Mensen met Elke Score
Percentiel versus Aantal Correcte Antwoorden
Uw Scoregeschiedenis
U heeft deze quiz nog niet genomen